000 01342nam a22002297a 4500
999 _c63036
_d63036
003 Ge_BSU
005 20250516105244.0
008 250516s2023 ge ||||| |||| 00| 0 geo d
020 _a9789941853838
041 _ageo
080 _a577.1 ა-48
100 _aალექსიძე, ნუგზარ
_92610
245 _aზოგადი ბიოქიმიის საფუძვლები :
_b[სახელმძღვანელო] /
_cნუგზარ ალექსიძე. მარინა ფირცხალავა ; რედაქტორები: მალხაზ ვახანია, თეიმურაზ თავხელიძე.
264 _aთბილისი,
_c 2023.
300 _a346 გვ. :
_bსურ. ;
_c30 სმ.
500 _aეძღვნება მასწავლებელს, მეგობარს და კოლეგას ბ-ნ ნუგზარ ალექსიძეს
653 _aბიოქიმია
700 _aფირცხალავა, მარინა
_e ავტორი
_925054
700 _aვახანია, მალხაზ
_eრედაქტორი
_925055
700 _aთავხელიძე, თეიმურაზ
_eრედაქტორი
_925056
942 _2udc
_cᲬᲘᲒᲜᲘ